<?xml version="1.0" encoding="UTF-8"?>
<collection xmlns="http://www.loc.gov/MARC21/slim">
    <record>
        <controlfield tag="001">61880</controlfield>
        <controlfield tag="005">20170725141526.0</controlfield>
        <datafield tag="024" ind1="8" ind2=" ">
            <subfield code="2">sideral</subfield>
            <subfield code="a">100457</subfield>
        </datafield>
        <datafield tag="037" ind1=" " ind2=" ">
            <subfield code="a">ART-2016-100457</subfield>
        </datafield>
        <datafield tag="041" ind1=" " ind2=" ">
            <subfield code="a">por</subfield>
        </datafield>
        <datafield tag="100" ind1=" " ind2=" ">
            <subfield code="a">Lorente Lorente, Jesús Pedro</subfield>
        </datafield>
        <datafield tag="245" ind1=" " ind2=" ">
            <subfield code="a">O auge das reconstruções de expografias e de museografías históricas após a crise do cubo branco moderno</subfield>
        </datafield>
        <datafield tag="260" ind1=" " ind2=" ">
            <subfield code="c">2016</subfield>
        </datafield>
        <datafield tag="506" ind1="0" ind2=" ">
            <subfield code="a">Access copy available to the general public</subfield>
            <subfield code="f">Unrestricted</subfield>
        </datafield>
        <datafield tag="520" ind1="3" ind2=" ">
            <subfield code="a">O texto do historiador da arte J-P. Lorente explora a história das exposições de arte e suas reapresentações, numa abordagem metodológica que relaciona História da Arte e Museologia. Diante de pesquisa realizada nos cenários europeus e americanos, o autor nos apresenta uma visão crítica das exposições de exposições, cuja artificialidade privilegia, em muitos casos, os aspectos expográficos e negligencia as peças. A questão posta, o autor reivindica para as reapresentações de exposições do passado uma reflexão crítica sobre suas museografias, dando a ver ao público distintos modos de exibir suas coleções. Não se trata de usar o passado para presumir o progresso alcançado por uma instituição, num jogo entre “antes” e “depois”. Pelo contrário, enfatiza-se, na era pós cubo branco, a convivência da conservação crítica de exposições históricas e, simultânea, a inovação contemporânea museográfica, numa maior pluralidade nas apresentações museológicas.</subfield>
        </datafield>
        <datafield tag="540" ind1=" " ind2=" ">
            <subfield code="9">info:eu-repo/semantics/openAccess</subfield>
            <subfield code="a">by-nc-nd</subfield>
            <subfield code="u">http://creativecommons.org/licenses/by-nc-nd/3.0/es/</subfield>
        </datafield>
        <datafield tag="655" ind1=" " ind2="4">
            <subfield code="a">info:eu-repo/semantics/article</subfield>
            <subfield code="v">info:eu-repo/semantics/publishedVersion</subfield>
        </datafield>
        <datafield tag="773" ind1=" " ind2=" ">
            <subfield code="g">5, 10 (2016), [9 pp.]</subfield>
            <subfield code="p">Rev. Museol. Interdiscip.</subfield>
            <subfield code="t">Revista Museologia &amp; Interdisciplinaridade</subfield>
            <subfield code="x">2238-5436</subfield>
        </datafield>
        <datafield tag="856" ind1="4" ind2="1">
            <subfield code="u">http://periodicos.unb.br/index.php/museologia/article/view/20266</subfield>
            <subfield code="z">Texto completo de la revista</subfield>
        </datafield>
        <datafield tag="856" ind1="4" ind2=" ">
            <subfield code="s">347823</subfield>
            <subfield code="u">http://zaguan.unizar.es/record/61880/files/texto_completo.pdf</subfield>
            <subfield code="y">Versión publicada</subfield>
        </datafield>
        <datafield tag="856" ind1="4" ind2=" ">
            <subfield code="s">88014</subfield>
            <subfield code="u">http://zaguan.unizar.es/record/61880/files/texto_completo.jpg?subformat=icon</subfield>
            <subfield code="x">icon</subfield>
            <subfield code="y">Versión publicada</subfield>
        </datafield>
        <datafield tag="909" ind1="C" ind2="O">
            <subfield code="o">oai:zaguan.unizar.es:61880</subfield>
            <subfield code="p">articulos</subfield>
            <subfield code="p">driver</subfield>
        </datafield>
        <datafield tag="951" ind1=" " ind2=" ">
            <subfield code="a">2017-07-25-08:16:30</subfield>
        </datafield>
        <datafield tag="980" ind1=" " ind2=" ">
            <subfield code="a">ARTICLE</subfield>
        </datafield>
    </record>

    
</collection>